Statistics for Words Ending in "ANT"

Click here to take the quiz!

General Stats

  • This quiz has been taken 46 times
  • The average score is 10 of 20

Answer Stats

HintAnswer% Correct
Something very large (5)Giant
90%
Unoccupied or empty (6)Vacant
90%
Someone who works with financial records or books (10)Accountant
78%
Repetitive song/phrases, also famously performed by monks (5)Chant
73%
Flora (5)Plant
73%
Endowment from government or business, man's name (5)Grant
68%
Someone who requests something formally, candidate for employment (9)Applicant
66%
Expressing oneself angrily against something/someone. Goes with a word for party (4)Rant
66%
Almost redundant naval navigation instrument (7)Sextant
54%
A fourth of, usually of a circle (8)Quadrant
51%
Often the victim of xenophobia (9)Immigrant
49%
Something fitted into the body, e.g. pacemaker (7)Implant
49%
Barely sufficient, sometimes used with "regard" (5)Scant
46%
Waiting for something, often used for gravid females (9)Expectant
44%
An actively fighting person or country (9)Combatant
41%
Full of energy, excitement and happiness (9)Exuberant
32%
Someone who flatters for advantage (9)Sycophant
32%
Travel to look for pleasure, gad about (9)Gallivant
24%
Colourful, bright, also a tree name (10)Flamboyant
5%
Non serious to person or matter of importance (8)Flippant
2%

Score Distribution

Percentile by Number Answered

Percent of People with Each Score

Your Score History

You have not taken this quiz